| 000 | 00469cam a2200193ua 4500 | ||
|---|---|---|---|
| 001 | 7432 | ||
| 008 | 141210n ii |||gr||||Z||||||ben | ||
| 040 | _cMAIN | ||
| 041 | _aben | ||
| 082 | _a891.442 | ||
| 100 |
_aBose, B., _eAuthor. |
||
| 245 | 1 |
_aTapasbi o tarangini _cBy Budhadeb Bose |
|
| 250 | _a3rd rev. | ||
| 260 |
_aKolkatta: _bAnanda, _c1968. |
||
| 300 | _a100p. | ||
| 653 | _aEast Indo-European & Celtic literatures | ||
| 653 | _aBengali drama | ||
| 942 | _cBK | ||
| 999 |
_c6555 _d6555 |
||